| Tag |
First Indicator |
Second Indicator |
Subfields |
| LEADER |
00000cam a2200000Ma 4500 |
| 001 |
in00003545007 |
| 006 |
m o d |
| 007 |
cr nn||||||||| |
| 008 |
121227s1990 mau o 000 0 eng d |
| 005 |
20260421182020.0 |
| 020 |
|
|
|a 9781461585107 (electronic bk.)
|
| 020 |
|
|
|a 1461585104 (electronic bk.)
|
| 035 |
|
|
|a (OCoLC)840286594
|
| 040 |
|
|
|a I9W
|b eng
|e pn
|c I9W
|d OCLCQ
|d UV0
|d OCLCO
|d GW5XE
|d OCLCF
|d UtOrBLW
|
| 049 |
|
|
|a TXAM
|
| 050 |
|
4 |
|a T57-57.97
|
| 082 |
0 |
4 |
|a 519
|2 23
|
| 100 |
1 |
|
|a Borwein, Jonathan.
|
| 245 |
1 |
2 |
|a A Dictionary of Real Numbers /
|c by Jonathan Borwein, Peter Borwein.
|
| 264 |
|
1 |
|a Boston, MA :
|b Springer US,
|c 1990.
|
| 300 |
|
|
|a 1 online resource (434 pages)
|
| 336 |
|
|
|a text
|b txt
|2 rdacontent
|
| 337 |
|
|
|a computer
|b c
|2 rdamedia
|
| 338 |
|
|
|a online resource
|b cr
|2 rdacarrier
|
| 500 |
|
|
|a Electronic resource.
|
| 650 |
|
0 |
|a Mathematics.
|
| 650 |
|
7 |
|a Mathematics.
|2 fast
|0 (OCoLC)fst01012163
|
| 655 |
|
7 |
|a Electronic books.
|2 local
|
| 700 |
1 |
|
|a Borwein, Peter.
|
| 710 |
2 |
|
|a SpringerLink (Online service)
|
| 856 |
4 |
0 |
|u http://proxy.library.tamu.edu/login?url=https://link.springer.com/10.1007/978-1-4615-8510-7
|z Connect to the full text of this electronic book
|t 0
|
| 994 |
|
|
|a 92
|b TXA
|
| 999 |
|
|
|a MARS
|
| 999 |
f |
f |
|s 22b6b044-0324-3523-8e1b-3a3b4759c695
|i 165ac2c0-b9d7-3e24-aa30-a7a0cb334d22
|t 0
|
| 952 |
f |
f |
|a Texas A&M University
|b College Station
|c Electronic Resources
|s www_evans
|d Available Online
|t 0
|e T57-57.97
|h Library of Congress classification
|
| 998 |
f |
f |
|a T57-57.97
|t 0
|l Available Online
|